Five Biggest Countries by Time Zone (with a map) - Statistics

General Stats
  • This quiz has been taken 2,145 times
  • The average score is 44 of 55
Answers on the Map
Answers color-coded by a green-red scale on the quiz's map according to % correct below.
 
Answer Stats
Hint Hint Time Zone (UTC...) Country % Correct
153 129 -10:00, -9:00, -8:00, -7:00, -6:00, -5:00, -4:00 United States
100%
266 294 -5:00, -4:00, -3:00, -2:00 Brazil
99%
143 66 -8:00, -7:00, -6:00, -5:00, -4:00, -3:00 Canada
99%
577 52 +12:00, +11:00, +10:00, +9:00, +8:00, +7:00, +6:00, +5:00, +4:00, +3:00, +2:00 Russia
99%
615 140.9 +8:00 China
98%
151 182 -8:00, -7:00, -6:00, -5:00 Mexico
98%
683 342 +11:00, +10:00, +8:00, +7:00 Australia
97%
234 373 -3:00 Argentina
96%
384.2 167.2 +1:00 Algeria
94%
433 267.2 +2:00, +1:00 DR Congo
93%
635.5 264 +9:00, +8:00, +7:00 Indonesia
92%
533 100 +6:00, +5:00 Kazakhstan
92%
208 292 -5:00 Peru
92%
482.1 179.9 +3:00 Saudi Arabia
92%
431 365 +2:00 South Africa
92%
419.3 172.9 +2:00 Libya
91%
448.5 209.5 +3:00 Sudan
91%
614.2 104.1 +9:00, +8:00, +7:00 Mongolia
90%
693.3 140 +9:00 Japan
89%
403.3 203.9 +1:00 Niger
89%
422.6 209.4 +1:00 Chad
88%
218 384 -3:00 Chile
88%
447 171.3 +2:00 Egypt
88%
377 202.2 ±0:00 Mali
88%
776.7 391.9 +13:00, +12:00 New Zealand
88%
236 319 -4:00 Bolivia
87%
420 301.2 +1:00 Angola
83%
470 234.2 +3:00 Ethiopia
83%
354 195.5 ±0:00 Mauritania
83%
366 153.5 ±0:00 Morocco
83%
535.7 164.2 +5:00 Pakistan
83%
703.7 282.4 +10:00 Papua New Guinea
83%
782.9 320.1 +13:00, +12:00 Fiji
78%
21 272 +14:00, +13:00, +12:00 Kiribati
78%
608 207.9 +7:00 Thailand
75%
802.8 307.7 +14:00, +13:00 Samoa
74%
742.1 295 +11:00 Solomon Islands
74%
459.1 282.5 +3:00 Tanzania
74%
248.9 339.7 -4:00, -3:00 Paraguay
72%
798.1 328.7 +13:00 Tonga
72%
717.7 235.2 +11:00, +10:00 FS of Micronesia
71%
525 122.5 +5:00 Uzbekistan
71%
513 130.6 +5:00 Turkmenistan
70%
755.5 318.6 +11:00 Vanuatu
70%
509.33 187.2 +4:00 Oman
66%
669 139 +9:00 South Korea
66%
548 122 +6:00 Kyrgyzstan
61%
326.7 206.9 -1:00 Cape Verde
59%
368 235.9 ±0:00 Côte d’Ivoire
57%
502 182.5 +4:00 United Arab Emirates
55%
583 181.8 +6:00 Bangladesh
52%
377 219 ±0:00 Burkina Faso
52%
479 120 +4:00 Georgia
51%
480.5 125 +4:00 Armenia
50%
584.1 169.4 +6:00 Bhutan
44%
No matching quizzes found
Score Distribution
Percent of People with Each Score
Percentile by Number Answered
Your Score History
You have not taken this quiz